[Event "FRA-ch op-A"]
[Site "Reims"]
[Date "2004.04.18"]
[Round "1"]
[White "Baudson, Julien"]
[Black "Berte, Nelson"]
[Result "1-0"]
[WhiteElo "1820"]
[BlackElo "1350"]
[PlyCount "27"]
[EventDate "2004.04.??"]
[EventType "swiss"]
[EventRounds "9"]
[EventCountry "FRA"]
[SourceTitle "EXT 2005"]
[Source "ChessBase"]
[SourceDate "2004.11.15"]
[SourceVersion "1"]
[SourceVersionDate "2004.11.15"]
[SourceQuality "1"]

1. d4 Nf6 2. Nf3 g6 3. b3 Bg7 4. Bb2 0-0 5. e3 e6 6. Nbd2 d5 7. Bd3 Nc6 8. a3 Bd7 9. 0-0 Qe7 10. c4 b6 11. Bc3 Qd6 12. Ne5 Ne7 13. b4 a6 14. c5 1-0